Secuestro de bienes 1824
Enregistré dans:
| Auteur principal: | |
|---|---|
| Format: | Livre |
| Langue: | espagnol |
| Publié: |
Santiago
Publicaciones del Archivo Franciscano
1995
|
| Sujets: | |
| Tags: |
Ajouter un tag
Pas de tags, Soyez le premier à ajouter un tag!
|
MARC
| LEADER | 00000nam a2200000 a 4500 | ||
|---|---|---|---|
| 001 | UCZ1933 | ||
| 003 | CL-VaPUC | ||
| 008 | 950914e19950000CL |||||||||||||||||spa|d | ||
| 082 | 0 | 4 | |a 271.3083 |b ITU |2 21 |
| 100 | |a Iturriaga Carrasco, Rigoberto |e author |9 354833 | ||
| 245 | 1 | 0 | |a Secuestro de bienes 1824 |
| 300 | |a 154 p | ||
| 942 | |c BK | ||
| 945 | |d 19950914 00:00:00 |a aalvarez | ||
| 260 | |a Santiago |b Publicaciones del Archivo Franciscano |c 1995 | ||
| 650 | 0 | |a Franciscanos |9 267404 | |
| 650 | 0 | |a Historia |9 255047 | |
| 651 | 7 | |a CHILE |2 CL-VaPUC |9 345644 | |
| 583 | |a last modification |c 19950914 00:00:00 |k Rodrigo Vera | ||
| 999 | |c 238604 |d 238602 | ||
| 952 | |0 0 |1 0 |4 0 |6 271_308300000000000_ITU_1995 |7 0 |8 A |9 248894 |a BIBTEO |b BIBTEO |d 2019-11-18 |i 3136477 |o 271.3083 ITU 1995 |p 3136477 |r 2025-01-17 |w 2019-11-18 |y BK |k ICR | ||
| 952 | |0 0 |1 0 |4 0 |6 271_308300000000000_ITU_1995 |7 0 |8 A |9 248895 |a BIBTEO |b BIBTEO |d 2019-11-18 |i 3164322 |o 271.3083 ITU 1995 |p 3164322 |r 2025-01-17 |w 2019-11-18 |y BK |k ICR | ||